Fish. (Record no. 102496)
[ view plain ]
| 000 -LEADER | |
|---|---|
| fixed length control field | 00304nam a2200133 a 4500 |
| 005 - DATE AND TIME OF LATEST TRANSACTION | |
| control field | 20140412111237.0 |
| 008 - FIXED-LENGTH DATA ELEMENTS--GENERAL INFORMATION | |
| fixed length control field | 001118s19uu xx 00 eng d |
| 050 ## - LIBRARY OF CONGRESS CALL NUMBER | |
| Classification number | M 597 |
| Item number | Fi532 19_? |
| 245 ## - TITLE STATEMENT | |
| Title | Fish. |
| 300 ## - PHYSICAL DESCRIPTION | |
| Extent | 13 p. ; col. |
| 440 ## - SERIES STATEMENT/ADDED ENTRY--TITLE | |
| Title | My picture library |
| 650 ## - SUBJECT ADDED ENTRY--TOPICAL TERM | |
| Topical term or geographic name as entry element | Fishes |
| Withdrawn status | Lost status | Damaged status | Use restrictions | Home library | Current library | Shelving location | Date acquired | Source of acquisition | Total Checkouts | Full call number | Barcode | Date last seen | Price effective from | Koha item type |
|---|---|---|---|---|---|---|---|---|---|---|---|---|---|---|
| Elizalde Library | Elizalde Library | Main Section | 11/18/2000 | M 597 Fi532 19_? | E1898 | 04/12/2014 | 04/12/2014 | Books |